Pediatric nursing : (Record no. 729)

000 -LEADER
fixed length control field 01411nam a22003737a 4500
001 - CONTROL NUMBER
control field 1198568
003 - CONTROL NUMBER IDENTIFIER
control field OSt
005 - DATE AND TIME OF LATEST TRANSACTION
control field 20210421083710.0
008 - FIXED-LENGTH DATA ELEMENTS--GENERAL INFORMATION
fixed length control field 980522s1999 ctu b 001 0 eng c
010 ## - LIBRARY OF CONGRESS CONTROL NUMBER
LC control number 98025825
020 ## - INTERNATIONAL STANDARD BOOK NUMBER
International Standard Book Number 0838581234 (case : alk. paper)
040 ## - CATALOGING SOURCE
Original cataloging agency DNLM/DLC
Transcribing agency DLC
Modifying agency DLC
Language of cataloging eng
041 ## - LANGUAGE CODE
Language code of text/sound track or separate title eng
050 00 - LIBRARY OF CONGRESS CALL NUMBER
Classification number RJ245
Item number .P4414 1999
080 ## - UNIVERSAL DECIMAL CLASSIFICATION NUMBER
Universal Decimal Classification number 616-08
Item number B-18
082 00 - DEWEY DECIMAL CLASSIFICATION NUMBER
Classification number 610.73/62
Edition number 21
245 00 - TITLE STATEMENT
Title Pediatric nursing :
Remainder of title caring for children /
Statement of responsibility, etc. / by: Appleton & Lange,
250 ## - EDITION STATEMENT
Edition statement 2nd edition
260 ## - PUBLICATION, DISTRIBUTION, ETC.
Place of publication, distribution, etc. Stamford, Conn. :
Name of publisher, distributor, etc. Appleton & Lange,
Date of publication, distribution, etc. c1999.
300 ## - PHYSICAL DESCRIPTION
Extent xxxii, 1083 p. :
Other physical details col. ill. 29 cm. +
Accompanying material 1 quick reference manual (153 p. : col. ill. ; 28 cm.)
504 ## - BIBLIOGRAPHY, ETC. NOTE
Bibliography, etc. note Includes bibliographical references and index.
650 #0 - SUBJECT ADDED ENTRY--TOPICAL TERM
Topical term or geographic name entry element Pediatric nursing.
650 #0 - SUBJECT ADDED ENTRY--TOPICAL TERM
Topical term or geographic name entry element Patient Care
9 (RLIN) 285
650 12 - SUBJECT ADDED ENTRY--TOPICAL TERM
Topical term or geographic name entry element Pediatric Nursing
General subdivision methods.
650 22 - SUBJECT ADDED ENTRY--TOPICAL TERM
Topical term or geographic name entry element Nursing Care
General subdivision in infancy & childhood.
650 22 - SUBJECT ADDED ENTRY--TOPICAL TERM
Topical term or geographic name entry element Nursing Assessment
General subdivision methods.
653 ## - INDEX TERM--UNCONTROLLED
Uncontrolled term პაციენტის მოვლა
653 ## - INDEX TERM--UNCONTROLLED
Uncontrolled term პედიატრიული პაციენტის მოვლა
700 1# - ADDED ENTRY--PERSONAL NAME
Personal name Ball, Jane
Fuller form of name (Jane W.)
700 1# - ADDED ENTRY--PERSONAL NAME
Personal name Bindler, Ruth McGillis.
906 ## - LOCAL DATA ELEMENT F, LDF (RLIN)
a 7
b cbc
c orignew
d 1
e ocip
f 19
g y-gencatlg
942 ## - ADDED ENTRY ELEMENTS (KOHA)
Source of classification or shelving scheme
Koha item type Books
Edition 2
Holdings
Withdrawn status Lost status Source of classification or shelving scheme Damaged status Not for loan Permanent location Current location Date acquired Inventory number Total Checkouts Full call number Barcode Date last seen Price effective from Koha item type
          Ken Walker International University Ken Walker International University 12/21/2020 2203   616-08 B-18 2203 12/21/2020 12/21/2020 Books

Powered by Koha